Pravidlá spoločenského správania. Čo sa patrí a čo nie.

Salvato in:
Dettagli Bibliografici
Autore principale: Brázdová, Dagmar
Altri autori: Drábová, Judita (prekladateľka) (Traduttore)
Natura: Libro
Lingua:slovacco
Pubblicazione: Bratislava Iris 1997
Edizione:1. vyd..
Soggetti:
Accesso online:Visualizza in OPAC
Tags: Aggiungi Tag
Nessun Tag, puoi essere il primo ad aggiungerne!!

MARC

LEADER 00000nam a2200000 a 4500
005 20260127134051.0
008 050808s1997 xo 000 0 slo
020 |a 8090053068 
035 |a vtls008255260 
035 |a SVKPOKN066739 
039 9 |a 201902111004  |b AUTHORITY  |c 200605241058  |d mschk03  |c 200508100510  |d VLOAD  |y 200508090337  |z VLOAD 
040 |a SVKPOKN  |b slo  |c SVKPOKN  |d SVKPO  |d STUSCHK1  |e AACR2 
041 0 |a slo 
044 |a xo  |c SK 
080 |a 395(035) 
100 1 |a Brázdová, Dagmar 
245 1 0 |a Pravidlá spoločenského správania. Čo sa patrí a čo nie.  |c Dagmar Brázdová; Judita Drábová 
250 |a 1. vyd.. 
260 |a Bratislava  |b Iris  |c 1997 
300 |a 103 s. 
653 |a správanie spoločenské - etiketa - príručky 
653 |a Tlač  |a Odborný preklad 
655 7 |a príručky  |2 svkpo 
700 1 |a Drábová, Judita  |c (prekladateľka)  |4 trl  |9 270 
910 |a svkponkat 
910 |a SCHK95 
919 |a 80-900530-6-8 
999 |c 3312  |d 3312